| 000 | 01065cam a2200337Ja 4500 | ||
|---|---|---|---|
| 999 |
_c2797 _d2797 |
||
| 001 | 215804 | ||
| 003 | GBCCL | ||
| 005 | 20241126110440.0 | ||
| 008 | 980514s1998 cau b 000 0 eng | ||
| 010 | _a 98020748 | ||
| 020 | _a0830722017 (trade paper) | ||
| 020 | _a9780830722013 (trade paper) | ||
| 035 | _a(OCoLC)ocm39162261 | ||
| 035 | _a(OCoLC)39162261 | ||
| 040 |
_aDLC _cDLC _dBAKER _dBTCTA _dLBB |
||
| 049 | _aLBBk | ||
| 050 | 0 | 0 |
_aBV210.2 _b.S5145 1998 |
| 082 | 0 | 0 |
_a248.32 _221 _bSHE |
| 090 |
_aBV210.2 _b.S5145 1998 |
||
| 100 | 1 |
_aSherrer, Quin. _95744 |
|
| 245 | 1 | 0 |
_aHow to pray for your children / _cQuin Sherrer with Ruthanne Garlock. |
| 260 |
_aVentura, Calif. : _bRegal Books, _c1998. |
||
| 300 |
_a244 p. / _c24 cm. |
||
| 504 | _aIncludes bibliographical references. | ||
| 520 | _aChristian Library of Lancaster Collection. | ||
| 650 | 0 |
_aIntercessory prayer _xChristianity. _94392 |
|
| 650 | 0 |
_aParents _xReligious life. _95745 |
|
| 650 | 0 |
_aMothers _xReligious life. _95894 |
|
| 700 | 1 |
_aGarlock, Ruthanne. _95746 |
|
| 942 |
_2ddc _cBK _02 |
||